Welcome to CU Library Online Public Access Catalogue (OPAC)

On doctoral education in nursing : (Record no. 7897)

MARC details
000 -LEADER
fixed length control field 00715pam a2200217 a 4500
001 - CONTROL NUMBER
control field 1617665
005 - DATE AND TIME OF LATEST TRANSACTION
control field 20251029161215.0
008 - FIXED-LENGTH DATA ELEMENTS--GENERAL INFORMATION
fixed length control field 951020s1996 nyu b 001 0 eng
020 ## - INTERNATIONAL STANDARD BOOK NUMBER
International Standard Book Number 0887376703
020 ## - INTERNATIONAL STANDARD BOOK NUMBER
International Standard Book Number 9780887376702
050 00 - LIBRARY OF CONGRESS CALL NUMBER
Classification number RT75
Item number .C37 1996
082 00 - DEWEY DECIMAL CLASSIFICATION NUMBER
Classification number 610.73/071/173
Edition information 20
100 1# - MAIN ENTRY--PERSONAL NAME
Personal name Carpenter, Dona Rinaldi.
245 10 - TITLE STATEMENT
Title On doctoral education in nursing :
Remainder of title the voice of the student /
Statement of responsibility, etc. Dona Rinaldi Carpenter, Sharon Hudacek.
260 ## - PUBLICATION, DISTRIBUTION, ETC.
Place of publication, distribution, etc. New York :
Name of publisher, distributor, etc. NLN Press,
Date of publication, distribution, etc. c1996.
300 ## - PHYSICAL DESCRIPTION
Extent xv, 237 p. ;
Dimensions 23 cm.
650 #0 - SUBJECT ADDED ENTRY--TOPICAL TERM
Topical term or geographic name entry element Nursing
General subdivision Study and teaching (Graduate)
Geographic subdivision United States.
650 #0 - SUBJECT ADDED ENTRY--TOPICAL TERM
Topical term or geographic name entry element Doctor of philosophy degree
Geographic subdivision United States.
700 1# - ADDED ENTRY--PERSONAL NAME
Personal name Hudacek, Sharon.
942 ## - ADDED ENTRY ELEMENTS (KOHA)
Source of classification or shelving scheme Library of Congress Classification
Koha item type Books
Suppress in OPAC No
999 ## -
-- 7897
-- 7897
Holdings
Withdrawn status Lost status Source of classification or shelving scheme Damaged status Not for loan Collection Home library Current library Shelving location Date acquired Total checkouts Full call number Barcode Date last seen Copy number Price effective from Koha item type
    Library of Congress Classification     Non-fiction Science Library (Miotso) Science Library (Miotso) General stacks 10/29/2025   RT75 .C37 CAR SLM00004923 10/29/2025 1 10/29/2025 Books
© 2023-2024 Copyright: Central University Libraries. All Rights Reserved | Created by: Mahone Tech Office